[Event "Pyramiden Franken Cup"]
[Site "Fuerth"]
[Date "2014.09.07"]
[Round "7"]
[White "Hacker, Jonas"]
[Black "Schunk, Eduard"]
[Result "1/2-1/2"]
[WhiteElo "2242"]
[BlackElo "2316"]
[PlyCount "79"]
[EventDate "2014.09.04"]
[EventType "swiss"]
[EventRounds "7"]
[EventCountry "GER"]
[SourceTitle "CBM 162 Extra"]
[Source "ChessBase"]
[SourceDate "2014.10.17"]
[SourceVersion "1"]
[SourceVersionDate "2014.10.17"]
[SourceQuality "1"]

1. e4 e5 2. Nf3 Nc6 3. Bb5 g6 4. d4 exd4 5. Bg5 f6 6. Bf4 Bg7 7. Bc4 Nh6 8. Qd2 Nf7 9. Nxd4 0-0 10. Nxc6 bxc6 11. Nc3 d6 12. 0-0-0 Qe7 13. Bh6 Be6 14. Bxg7 Kxg7 15. Bxe6 Qxe6 16. f4 Qc4 17. g4 d5 18. exd5 cxd5 19. b3 Qc5 20. Kb2 c6 21. Na4 Qb5 22. Qd4 Nd6 23. Nc5 Rf7 24. Rhe1 Qa5 25. a4 Rb8 26. Kc1 Qb4 27. Qxb4 Rxb4 28. c3 Rb8 29. Kc2 f5 30. Re6 Ne4 31. Nxe4 fxe4 32. Rxc6 Rxf4 33. g5 Rf2+ 34. Kc1 Rf5 35. Rc7+ Kg8 36. h4 Rxb3 37. Rc8+ Kg7 38. Rc7+ Kg8 39. Rc8+ Kg7 40. Rc7+ 1/2-1/2

[Event "Pyramiden Franken Cup"]
[Site "Fuerth"]
[Date "2014.09.05"]
[Round "3"]
[White "Suess, Helmut"]
[Black "Schunk, Eduard"]
[Result "0-1"]
[WhiteElo "1961"]
[BlackElo "2316"]
[PlyCount "82"]
[EventDate "2014.09.04"]
[EventType "swiss"]
[EventRounds "7"]
[EventCountry "GER"]
[SourceTitle "CBM 162 Extra"]
[Source "ChessBase"]
[SourceDate "2014.10.17"]
[SourceVersion "1"]
[SourceVersionDate "2014.10.17"]
[SourceQuality "1"]

1. d4 Nf6 2. Bg5 d6 3. Bxf6 exf6 4. c4 Be7 5. Nc3 0-0 6. e3 c6 7. Bd3 a6 8. a4 a5 9. Nge2 Na6 10. Na2 Re8 11. Qc2 g6 12. h4 f5 13. h5 d5 14. hxg6 fxg6 15. g4 Bb4+ 16. Kf1 Rf8 17. cxd5 cxd5 18. Nf4 Bd6 19. Nxd5 Be6 20. Bc4 Rc8 21. Nb6 Bxc4+ 22. Nxc4 Qc7 23. b3 fxg4 24. Nc3 Bg3 25. Qe4 Rxf2+ 26. Kg1 Rcf8 27. Qe6+ Kg7 28. Ne5 Bxe5 29. Qxe5+ Qxe5 30. dxe5 R2f5 31. Rd1 h5 32. Rd5 Nb4 33. Rd7+ R5f7 34. Rxf7+ Kxf7 35. Rh2 Ke6 36. Rd2 Kxe5 37. Rd7 b6 38. Re7+ Kf5 39. Kg2 h4 40. Rh7 Rc8 41. e4+ Kg5 0-1

[Event "BL2-Ost 0809"]
[Site "Germany"]
[Date "2008.10.05"]
[Round "1.6"]
[White "Priehoda, Vitezslav"]
[Black "Schunk, Eduard"]
[Result "1-0"]
[WhiteElo "2360"]
[BlackElo "2330"]
[PlyCount "89"]
[EventDate "2008.10.05"]
[EventType "team-tourn"]
[EventRounds "9"]
[EventCountry "GER"]
[SourceTitle "CBM 129 Extra"]
[Source "ChessBase"]
[SourceDate "2009.05.05"]
[SourceVersion "2"]
[SourceVersionDate "2009.05.20"]
[SourceQuality "1"]
[WhiteTeam "Aue Nickelhuette"]
[BlackTeam "Bindlach"]
[WhiteTeamCountry "GER"]
[BlackTeamCountry "GER"]

1. d4 Nf6 2. c4 g6 3. Nc3 Bg7 4. e4 d6 5. f3 0-0 6. Bg5 Na6 7. Qd2 Qe8 8. Bd3 Nd7 9. Nge2 c5 10. Nb5 cxd4 11. Nexd4 Ne5 12. Be2 f5 13. exf5 gxf5 14. 0-0 Kh8 15. Rfe1 Rg8 16. f4 Qg6 17. fxe5 Bxe5 18. Nf3 h6 19. Nxe5 dxe5 20. Bf1 Qxg5 21. Qxg5 Rxg5 22. Rxe5 Bd7 23. Rxe7 Bc6 24. Nd6 Rg6 25. Nxf5 Rf8 26. Nd4 Nc5 27. Nxc6 Rxc6 28. b4 Re6 29. Re1 Rxe1 30. Rxe1 Na6 31. a3 Rf7 32. Re8+ Kg7 33. Ra8 b6 34. c5 Nc7 35. Rxa7 bxc5 36. bxc5 Re7 37. Rb7 Kf6 38. a4 Ke5 39. a5 Kd5 40. a6 Kc6 41. g3 Re1 42. Kf2 Ra1 43. Bg2+ Kd7 44. a7 Ra2+ 45. Ke3 1-0

[Event "Oberliga Bayern 0607"]
[Site "Bayern"]
[Date "2007.04.22"]
[Round "9.4"]
[White "Schunk, Eduard"]
[Black "Suran, Jan"]
[Result "0-1"]
[WhiteElo "2283"]
[BlackElo "2348"]
[PlyCount "46"]
[EventDate "2006.10.15"]
[EventType "team-tourn"]
[EventRounds "9"]
[EventCountry "GER"]
[SourceTitle "EXT 2008"]
[Source "ChessBase"]
[SourceDate "2007.11.25"]
[SourceVersion "1"]
[SourceVersionDate "2007.11.25"]
[SourceQuality "1"]
[WhiteTeam "Bindlach II"]
[BlackTeam "Koetzting"]
[WhiteTeamCountry "GER"]
[BlackTeamCountry "GER"]

1. e4 c5 2. Nf3 Nc6 3. Bb5 Nf6 4. Nc3 Qc7 5. 0-0 Nd4 6. Nxd4 cxd4 7. Nd5 Nxd5 8. exd5 Qc5 9. c4 a6 10. Ba4 b5 11. cxb5 axb5 12. Bb3 Bb7 13. Re1 e6 14. dxe6 dxe6 15. d3 Qf5 16. Qd2 Bd6 17. Qg5 Qxd3 18. Bxe6 fxe6 19. Rxe6+ Kf7 20. Bf4 Kxe6 21. Re1+ Kf7 22. Bxd6 Rhe8 23. Be5 Qg6 0-1

[Event "GER-ch 77th"]
[Site "Osterburg"]
[Date "2006.02.08"]
[Round "6"]
[White "Degtiarev, Evgeny"]
[Black "Schunk, Eduard"]
[Result "1-0"]
[WhiteElo "2388"]
[BlackElo "2349"]
[PlyCount "83"]
[EventDate "2006.02.03"]
[EventType "swiss"]
[EventRounds "9"]
[EventCountry "GER"]
[SourceTitle "CBM 112"]
[Source "ChessBase"]
[SourceDate "2006.06.07"]
[SourceVersion "1"]
[SourceVersionDate "2006.06.07"]
[SourceQuality "1"]

1. d4 Nf6 2. c4 g6 3. Nc3 Bg7 4. e4 d6 5. f3 0-0 6. Nge2 a6 7. Be3 Nc6 8. Qd2 Rb8 9. Rb1 Nd7 10. h4 h5 11. Bg5 Nb6 12. b3 Qe8 13. Nd5 Nxd5 14. cxd5 Nd8 15. Ng3 e5 16. Be2 exd4 17. 0-0 Bd7 18. Rbe1 c5 19. Bd3 Bb5 20. Bxb5 axb5 21. Nf5 gxf5 22. exf5 Qd7 23. f6 Re8 24. fxg7 Rxe1 25. Rxe1 f6 26. Bxf6 Nf7 27. Re6 Ra8 28. f4 Nh6 29. f5 Ng4 30. Be7 Qe8 31. Bf8 Qf7 32. Rh6 Rxf8 33. gxf8Q+ Kxf8 34. Rxd6 Qxf5 35. Qe1 Qe5 36. Qxe5 Nxe5 37. Re6 c4 38. Kf1 Ng4 39. d6 Ne3+ 40. Ke2 Nxg2 41. Kf2 Nf4 42. Rf6+ 1-0

[Event "GER-ch 77th"]
[Site "Osterburg"]
[Date "2006.02.05"]
[Round "3"]
[White "Schunk, Eduard"]
[Black "Reipsch, Jens"]
[Result "0-1"]
[WhiteElo "2349"]
[BlackElo "2293"]
[PlyCount "82"]
[EventDate "2006.02.03"]
[EventType "swiss"]
[EventRounds "9"]
[EventCountry "GER"]
[SourceTitle "CBM 112"]
[Source "ChessBase"]
[SourceDate "2006.06.07"]
[SourceVersion "1"]
[SourceVersionDate "2006.06.07"]
[SourceQuality "1"]

1. e4 e5 2. Nf3 Nc6 3. Bb5 a6 4. Ba4 Nge7 5. c3 d6 6. d4 Bd7 7. Be3 Ng6 8. h4 h5 9. d5 Nb8 10. c4 Nf4 11. Bxd7+ Qxd7 12. Rg1 Be7 13. g3 Ng6 14. Nc3 Qg4 15. Nd2 Qc8 16. b4 a5 17. a3 Nd7 18. Nb3 axb4 19. axb4 Rxa1 20. Qxa1 0-0 21. Qa7 Nb6 22. Na5 f5 23. Bxb6 cxb6 24. Qxb6 fxe4 25. Qxb7 e3 26. fxe3 Qf5 27. Kd2 Qf2+ 28. Ne2 Rf3 29. Qa7 e4 30. Nc6 Bf6 31. Qa3 Ne5 32. Nxe5 Bxe5 33. Rb1 Rxg3 34. Qb3 Bd4 35. exd4 Rd3+ 36. Qxd3 exd3 37. Re1 dxe2 38. Rxe2 Qxd4+ 39. Ke1 Qxh4+ 40. Kd1 Qxc4 41. Rb2 Qxd5+ 0-1

[Event "Bayern-ch 76th"]
[Site "Wuerzburg"]
[Date "2005.09.03"]
[Round "9"]
[White "Schunk, Eduard"]
[Black "Hofstetter, Hans Joachim"]
[Result "1-0"]
[WhiteElo "2278"]
[BlackElo "2126"]
[PlyCount "111"]
[EventDate "2005.08.27"]
[EventType "swiss"]
[EventRounds "9"]
[EventCountry "GER"]
[SourceTitle "EXT 2015"]
[Source "ChessBase"]
[SourceDate "2014.11.20"]
[SourceVersion "1"]
[SourceVersionDate "2014.11.20"]
[SourceQuality "1"]

1. e4 e6 2. d3 c5 3. Nf3 Nc6 4. g3 Bd6 5. Bg2 Nge7 6. 0-0 0-0 7. c3 Bc7 8. Qe2 d5 9. Re1 Bd7 10. Nbd2 b5 11. Nf1 Rb8 12. Be3 Bb6 13. Bf4 Bc7 14. Bg5 f6 15. Bd2 d4 16. cxd4 cxd4 17. Nh4 g5 18. Nf3 Ng6 19. Rec1 Rc8 20. Ne1 Qe7 21. a3 Bd6 22. Nc2 Rc7 23. Nb4 Rcc8 24. Nxc6 Bxc6 25. Rxc6 Rxc6 26. e5 Nxe5 27. f4 Rc2 28. fxe5 Bxe5 29. Qd1 Rfc8 30. b4 h6 31. Qb1 f5 32. Qb3 Kg7 33. Re1 Qd6 34. Bf3 Kf6 35. Re2 R2c7 36. Rf2 Kg7 37. Qd1 Bf6 38. Qe1 Rc2 39. Qb1 R2c7 40. Bd1 Kg6 41. Bb3 h5 42. Qe1 e5 43. Rxf5 Qd7 44. Rf2 Qc6 45. Bd1 g4 46. h3 Rh8 47. Nh2 gxh3 48. Bf3 Qe6 49. Be4+ Kg7 50. Qf1 Rf7 51. Bf5 Qb3 52. Qxh3 Qd1+ 53. Nf1 Bd8 54. Qg2 Rhf8 55. Qe4 Bc7 56. Qc6 1-0

[Event "Bayern-ch 76th"]
[Site "Wuerzburg"]
[Date "2005.08.28"]
[Round "2"]
[White "Wutz, Christoph"]
[Black "Schunk, Eduard"]
[Result "1/2-1/2"]
[WhiteElo "2141"]
[BlackElo "2278"]
[PlyCount "109"]
[EventDate "2005.08.27"]
[EventType "swiss"]
[EventRounds "9"]
[EventCountry "GER"]
[SourceTitle "EXT 2015"]
[Source "ChessBase"]
[SourceDate "2014.11.20"]
[SourceVersion "1"]
[SourceVersionDate "2014.11.20"]
[SourceQuality "1"]

1. d4 Nf6 2. c4 g6 3. Nc3 Bg7 4. e4 d6 5. f4 0-0 6. Nf3 c5 7. dxc5 Qa5 8. Bd3 dxc5 9. e5 Ne8 10. 0-0 Nc6 11. Be3 Nc7 12. Nd2 Na6 13. Nb3 Qd8 14. Nxc5 Nxc5 15. Bxc5 Be6 16. Qe2 Rc8 17. Be3 Nb4 18. Rfd1 Nxd3 19. Rxd3 Qa5 20. Nd5 Rxc4 21. Nxe7+ Kh8 22. Rad1 Re8 23. Nd5 Rcc8 24. Ra3 Qxd5 25. Rxd5 Bxd5 26. Qd2 Bc6 27. Bxa7 g5 28. fxg5 Rxe5 29. Bd4 Rd5 30. Bxg7+ Kxg7 31. Rd3 Rf5 32. h4 Re8 33. Re3 Ra8 34. b3 Ra6 35. Rd3 Ra8 36. Rd6 Re8 37. a4 Rfe5 38. Qc3 Kg8 39. Rd2 Re4 40. h5 Re1+ 41. Kh2 R1e3 42. Qf6 R3e6 43. Qf2 Re5 44. g4 Rxg5 45. Qf4 h6 46. Rd4 f5 47. Qd6 fxg4 48. Qxh6 g3+ 49. Kh3 Rg7 50. Rg4 Rxg4 51. Kxg4 g2 52. Qg6+ Kf8 53. Qf6+ Kg8 54. Qg6+ Kf8 55. Qf6+ 1/2-1/2

[Event "GER-ch 76th"]
[Site "Altenkirchen"]
[Date "2005.02.25"]
[Round "8"]
[White "Schunk, Eduard"]
[Black "Solonar, Stefan"]
[Result "1/2-1/2"]
[WhiteElo "2337"]
[BlackElo "2393"]
[PlyCount "132"]
[EventDate "2005.02.18"]
[EventType "swiss"]
[EventRounds "9"]
[EventCountry "GER"]
[SourceTitle "CBM 106"]
[Source "ChessBase"]
[SourceDate "2005.06.06"]
[SourceVersion "1"]
[SourceVersionDate "2005.06.06"]
[SourceQuality "1"]

1. e4 c5 2. Nf3 Nc6 3. Bb5 g6 4. 0-0 Bg7 5. Nc3 e5 6. d3 Nge7 7. Ne1 0-0 8. f4 d5 9. Bxc6 bxc6 10. fxe5 Bxe5 11. Bh6 Bg7 12. Qd2 c4 13. Bxg7 Kxg7 14. dxc4 dxc4 15. Qf4 Qb6+ 16. Kh1 Qxb2 17. Qf6+ Kg8 18. Nf3 h6 19. h3 Qa3 20. Ne2 Kh7 21. Ned4 Qc5 22. Rad1 Ng8 23. Qxc6 Qxc6 24. Nxc6 Nf6 25. e5 Ne4 26. Kh2 Be6 27. Rfe1 Nc3 28. Rd6 Nb5 29. Rdd1 Rfc8 30. Ncd4 Nc3 31. Rd2 Rd8 32. Nxe6 Rxd2 33. Nxd2 fxe6 34. Nxc4 Rc8 35. Nd6 Rc5 36. Rf1 a5 37. Rf7+ Kg8 38. Rf6 Rxe5 39. Rxg6+ Kh7 40. Rg3 Nxa2 41. c4 Nc1 42. Ne8 h5 43. Nf6+ Kh6 44. Ng8+ Kh7 45. Nf6+ Kh6 46. Nd7 Re4 47. c5 h4 48. Rg4 Rxg4 49. hxg4 a4 50. c6 a3 51. c7 a2 52. c8Q a1Q 53. Qd8 Nd3 54. Qxh4+ Kg6 55. Qe7 Nf4 56. Nf8+ Kh6 57. Qh7+ Kg5 58. Qg8+ Kh6 59. Qh7+ Kg5 60. Qg8+ Kh6 61. Nxe6 Nxe6 62. Qxe6+ Kg7 63. g5 Qc1 64. Qf6+ Kg8 65. g6 Qh1+ 66. Kg3 Qxg2+ 1/2-1/2

[Event "GER-ch 76th"]
[Site "Altenkirchen"]
[Date "2005.02.21"]
[Round "4"]
[White "Schunk, Eduard"]
[Black "Meier, Georg"]
[Result "0-1"]
[WhiteElo "2337"]
[BlackElo "2372"]
[PlyCount "86"]
[EventDate "2005.02.18"]
[EventType "swiss"]
[EventRounds "9"]
[EventCountry "GER"]
[SourceTitle "CBM 106"]
[Source "ChessBase"]
[SourceDate "2005.06.06"]
[SourceVersion "1"]
[SourceVersionDate "2005.06.06"]
[SourceQuality "1"]

1. e4 e6 2. d3 d5 3. Qe2 Nf6 4. Nf3 Be7 5. g3 b5 6. e5 Nfd7 7. Bg2 c5 8. h4 Nc6 9. 0-0 a5 10. Bf4 b4 11. Nbd2 Ba6 12. c4 bxc3 13. bxc3 c4 14. d4 a4 15. Rac1 h6 16. Qe3 Rb8 17. Rb1 Bb5 18. Bh3 a3 19. h5 Ba4 20. Rxb8 Ncxb8 21. Rb1 Bc2 22. Rc1 Bd3 23. Ne1 Bh7 24. Nc2 Nc6 25. Bg4 Qa5 26. Bd1 0-0 27. Rb1 Nb6 28. Rc1 Rb8 29. Ne1 Nd7 30. g4 Rb2 31. Ra1 Na7 32. Ndf3 Nb5 33. Rc1 Rxa2 34. g5 Rb2 35. gxh6 a2 36. Bg5 Ba3 37. Bf6 gxf6 38. exf6 Bf8 39. Qg5+ Kh8 40. Qg3 Qc7 41. Qg5 Qd8 42. Bc2 Qxf6 43. Bxh7 Kxh7 0-1

[Event "GER-ch 76th"]
[Site "Altenkirchen"]
[Date "2005.02.20"]
[Round "3"]
[White "Braun, Arik"]
[Black "Schunk, Eduard"]
[Result "1-0"]
[WhiteElo "2463"]
[BlackElo "2337"]
[PlyCount "65"]
[EventDate "2005.02.18"]
[EventType "swiss"]
[EventRounds "9"]
[EventCountry "GER"]
[SourceTitle "CBM 106"]
[Source "ChessBase"]
[SourceDate "2005.06.06"]
[SourceVersion "1"]
[SourceVersionDate "2005.06.06"]
[SourceQuality "1"]

1. d4 Nf6 2. c4 g6 3. Nc3 Bg7 4. e4 d6 5. f3 0-0 6. Be3 a6 7. Qd2 Nc6 8. Nge2 Rb8 9. Nc1 e5 10. d5 Nd4 11. Nb3 Nxb3 12. axb3 c5 13. g4 h5 14. h3 Nh7 15. gxh5 Qh4+ 16. Qf2 Qxh5 17. Be2 f5 18. f4 Qh6 19. exf5 Rxf5 20. fxe5 g5 21. Qg1 Bxe5 22. h4 Qg7 23. Kd2 Nf6 24. Bd3 g4 25. h5 Rxh5 26. Ne2 Bd7 27. Rf1 Rxh1 28. Qxh1 b5 29. Qh4 Kf7 30. Bh6 Rh8 31. Qh5+ Ke7 32. Qxe5+ dxe5 33. Bxg7 1-0

[Event "GER-ch 76th"]
[Site "Altenkirchen"]
[Date "2005.02.18"]
[Round "1"]
[White "Prusikin, Michael"]
[Black "Schunk, Eduard"]
[Result "1/2-1/2"]
[WhiteElo "2540"]
[BlackElo "2337"]
[PlyCount "30"]
[EventDate "2005.02.18"]
[EventType "swiss"]
[EventRounds "9"]
[EventCountry "GER"]
[SourceTitle "CBM 106"]
[Source "ChessBase"]
[SourceDate "2005.06.06"]
[SourceVersion "1"]
[SourceVersionDate "2005.06.06"]
[SourceQuality "1"]

1. c4 Nf6 2. Nc3 g6 3. e4 d6 4. g3 Nc6 5. Bg2 e5 6. Nge2 Bg7 7. d3 0-0 8. 0-0 Nd4 9. Nxd4 exd4 10. Ne2 Ne8 11. h3 c6 12. b4 a5 13. b5 cxb5 14. cxb5 a4 15. Qd2 Qb6 1/2-1/2

[Event "BL2-Ost 0405"]
[Site "Germany"]
[Date "2004.11.14"]
[Round "2.7"]
[White "Koller, Jens"]
[Black "Schunk, Eduard"]
[Result "0-1"]
[WhiteElo "2238"]
[BlackElo "2306"]
[PlyCount "58"]
[EventDate "2004.10.24"]
[EventType "team-tourn"]
[EventRounds "9"]
[EventCountry "GER"]
[SourceTitle "EXT 2007"]
[Source "ChessBase"]
[SourceDate "2006.11.23"]
[SourceVersion "1"]
[SourceVersionDate "2006.11.23"]
[SourceQuality "1"]
[WhiteTeam "Oberursel"]
[BlackTeam "Bindlach"]
[WhiteTeamCountry "GER"]
[BlackTeamCountry "GER"]

1. e4 e5 2. f4 Bc5 3. Nf3 d6 4. Nc3 Nf6 5. Bc4 Nc6 6. d3 a6 7. f5 Na5 8. Bg5 c6 9. a3 Nxc4 10. dxc4 h6 11. Bh4 b5 12. b4 Bb6 13. Qd3 bxc4 14. Qxc4 Bb7 15. Rd1 Qc7 16. Bxf6 gxf6 17. Qe2 0-0-0 18. Nd2 Rhg8 19. Nb3 h5 20. Na4 Rg4 21. h3 Rg3 22. Rd3 Rdg8 23. Rxg3 Rxg3 24. Kd2 Be3+ 25. Kd1 c5 26. Nd2 Bxd2 27. Kxd2 Rxa3 28. Nb2 cxb4 29. Nc4 Rc3 0-1

[Event "BL2-Ost 0405"]
[Site "Germany"]
[Date "2004.11.13"]
[Round "1.7"]
[White "Schunk, Eduard"]
[Black "Rupp, Markus"]
[Result "1-0"]
[WhiteElo "2306"]
[BlackElo "2255"]
[PlyCount "101"]
[EventDate "2004.10.24"]
[EventType "team-tourn"]
[EventRounds "9"]
[EventCountry "GER"]
[SourceTitle "EXT 2007"]
[Source "ChessBase"]
[SourceDate "2006.11.23"]
[SourceVersion "1"]
[SourceVersionDate "2006.11.23"]
[SourceQuality "1"]
[WhiteTeam "Bindlach"]
[BlackTeam "Wuerzburg"]
[WhiteTeamCountry "GER"]
[BlackTeamCountry "GER"]

1. e4 e6 2. d3 d5 3. Qe2 dxe4 4. dxe4 e5 5. Nf3 Nd7 6. g3 Ngf6 7. Bg2 Bc5 8. 0-0 0-0 9. Nbd2 Re8 10. Nc4 Qe7 11. b3 b6 12. Bb2 Ba6 13. Bh3 Ba3 14. Bxa3 Qxa3 15. Rfe1 Qb4 16. Nfd2 Rad8 17. Qe3 Qc5 18. Rad1 Bb7 19. Qxc5 Nxc5 20. f3 Ne6 21. Bxe6 Rxe6 22. Nf1 Rxd1 23. Rxd1 Re8 24. Nfe3 Kf8 25. g4 Bc6 26. g5 Nh5 27. Kf2 Nf4 28. h4 a5 29. Ng4 Ng6 30. h5 Nf4 31. Ncxe5 Re6 32. h6 gxh6 33. gxh6 Ke7 34. Ke3 Ng2+ 35. Kf2 Nf4 36. Rd2 f6 37. Nxc6+ Rxc6 38. c4 a4 39. Ke3 Ne6 40. f4 axb3 41. axb3 b5 42. e5 fxe5 43. Nxe5 Rd6 44. Rxd6 Kxd6 45. cxb5 Kc5 46. Ke4 Kxb5 47. Nd3 Nd8 48. Ne5 Kb4 49. Kd5 Kxb3 50. f5 c6+ 51. Kd6 1-0

[Event "Bayern-ch 75th"]
[Site "Ingolstadt"]
[Date "2004.09.06"]
[Round "4"]
[White "Schunk, Eduard"]
[Black "Reich, Thomas"]
[Result "1-0"]
[WhiteElo "2321"]
[BlackElo "2401"]
[PlyCount "105"]
[EventDate "2004.09.04"]
[EventType "swiss"]
[EventRounds "9"]
[EventCountry "GER"]
[SourceTitle "EXT 2015"]
[Source "ChessBase"]
[SourceDate "2014.11.20"]
[SourceVersion "1"]
[SourceVersionDate "2014.11.20"]
[SourceQuality "1"]

1. e4 g6 2. d4 Bg7 3. Nc3 d6 4. Be3 a6 5. a4 Nd7 6. Nf3 b6 7. Bd3 e6 8. 0-0 Ne7 9. Qd2 h6 10. Rfe1 g5 11. h3 Bb7 12. Nh2 Ng6 13. Ne2 c5 14. c3 Qc7 15. Ng3 Rg8 16. Ng4 Nf6 17. Nxf6+ Bxf6 18. Be2 0-0-0 19. Rad1 Kb8 20. b4 cxb4 21. cxb4 d5 22. e5 Be7 23. Nh5 Rc8 24. b5 a5 25. Rc1 Qd7 26. Rxc8+ Rxc8 27. Rc1 Rg8 28. Rc2 Nh4 29. Qc1 Nf5 30. g4 Nxe3 31. fxe3 Rf8 32. Qe1 f6 33. exf6 Bd6 34. Bd3 e5 35. Bf5 Qd8 36. Qf2 Ka7 37. Be6 exd4 38. exd4 Bf4 39. f7 Qd6 40. Qe2 Qa3 41. Nxf4 gxf4 42. Qf2 Qe7 43. Re2 Qf6 44. Re5 Qg6 45. Qxf4 Qd3 46. Kg2 Qc2+ 47. Kg3 Qxa4 48. Bd7 Qa3+ 49. Re3 Qc1 50. Be8 a4 51. Re7 Qa3+ 52. Qe3 Qb4 53. Bc6 1-0

[Event "Bodensee-Cup 10th"]
[Site "Germany"]
[Date "2004.05.??"]
[Round "?"]
[White "Schunk, Eduard"]
[Black "Mueller, Ralf1111"]
[Result "0-1"]
[WhiteElo "2320"]
[BlackElo "2325"]
[PlyCount "54"]
[EventDate "2004.05.??"]
[EventType "team-tourn"]
[EventRounds "3"]
[EventCountry "GER"]
[SourceTitle "EXT 2007"]
[Source "ChessBase"]
[SourceDate "2006.11.23"]
[SourceVersion "1"]
[SourceVersionDate "2006.11.23"]
[SourceQuality "1"]

1. e4 c5 2. Nf3 Nc6 3. Bb5 Nf6 4. Nc3 Qc7 5. 0-0 Nd4 6. Re1 a6 7. Bf1 e5 8. Nxd4 cxd4 9. Nd5 Nxd5 10. exd5 Bc5 11. Qh5 d6 12. c4 0-0 13. d3 b5 14. cxb5 axb5 15. g3 Bb7 16. Bg2 Bb4 17. Re4 f6 18. Rh4 g6 19. Qf3 Qf7 20. a3 Rfc8 21. Rb1 Ba5 22. b4 Bd8 23. g4 Rc2 24. g5 Rac8 25. Bb2 f5 26. Rh3 Bxg5 27. Rg3 Bc1 0-1